Ethnic Origins of Toronto Residents - Statistics

General Stats
  • This quiz has been taken 373 times
    143 since last reset
  • The average score is 12 of 18
Answer Stats
Hint Answer % Correct
12.5% Chinese
92%
7.5% East Indian
91%
4.6% French
89%
12.3% English
84%
4.9% German
80%
2.1% Spanish
78%
9.8% Irish
77%
6.8% Italian
75%
2.8% Russian
72%
3.7% Portuguese
61%
4.3% Polish
60%
2.7% Ukrainian
56%
9.5% Scottish
54%
2.1% Greek
53%
12.0% Canadian
48%
6% Filipino
48%
3.3% Jamaican
27%
2.1% Sri Lankan
19%
No matching quizzes found
Score Distribution
Percent of People with Each Score
Percentile by Number Answered
Your Score History
You have not taken this quiz since the last reset